000 00607nam a2200181 a 4500
001 1764838960592
003 ACL
005 20251204143417.0
008 251204s1977##################000#0#eng##
082 0 4 _a592
_bRAN
100 1 _aஇராமன், கே. வி. - Irāmaṉ, kē. Vi.,
_eauthor.
245 1 0 _aபாண்டியர் வரலாறு - Pāṇṭiyar varalāṟu ஆசிரியர் கே.வி. இராமன் :
260 _c1977.
300 _a[vii], 337 p. ill., maps
500 _aIncludes bibliographical references
942 _cREF
040 _aACL
_beng
_cACL
999 _c600084
_d600084